comparison of seedling ages and rice varieties under rainy season at royal university of agriculture ( ការប្រៀបធៀបអាយុសំណាប និង ពូជស្រូវក្នុងលក្ខខណ្ឌរដូវវស្សានៅសាកលវិទ្យាល័យភូមិន្ទកសិកម្ម) (Record no. 917)
[ view plain ]
| 000 -LEADER | |
|---|---|
| fixed length control field | 00718nam a22001577a 4500 |
| 003 - CONTROL NUMBER IDENTIFIER | |
| control field | OSt |
| 005 - DATE AND TIME OF LATEST TRANSACTION | |
| control field | 20150920151928.0 |
| 008 - FIXED-LENGTH DATA ELEMENTS--GENERAL INFORMATION | |
| fixed length control field | 150920b xxu||||| |||| 00| 0 eng d |
| 040 ## - CATALOGING SOURCE | |
| Transcribing agency | RUA |
| 082 ## - DEWEY DECIMAL CLASSIFICATION NUMBER | |
| Classification number | AGR KEO 2009 B041 Or.1 |
| 100 ## - MAIN ENTRY--PERSONAL NAME | |
| 9 (RLIN) | 952 |
| Personal name | KEO, CHANKRONG. |
| 245 ## - TITLE STATEMENT | |
| Title | comparison of seedling ages and rice varieties under rainy season at royal university of agriculture ( ការប្រៀបធៀបអាយុសំណាប និង ពូជស្រូវក្នុងលក្ខខណ្ឌរដូវវស្សានៅសាកលវិទ្យាល័យភូមិន្ទកសិកម្ម) |
| 260 ## - PUBLICATION, DISTRIBUTION, ETC. (IMPRINT) | |
| Place of publication, distribution, etc. | Phnom Penh |
| Name of publisher, distributor, etc. | RUA |
| Date of publication, distribution, etc. | 2009 |
| 300 ## - PHYSICAL DESCRIPTION | |
| Extent | xi, 65p. |
| Other physical details | ill. |
| Dimensions | 29cm. |
| 942 ## - ADDED ENTRY ELEMENTS (KOHA) | |
| Source of classification or shelving scheme | |
| Koha item type | AGR |
| Price effective from | Date last seen | Permanent Location | Not for loan | Date acquired | Source of classification or shelving scheme | Koha item type | Barcode | Lost status | Damaged status | Shelving location | Withdrawn status | Current Location | Full call number |
|---|---|---|---|---|---|---|---|---|---|---|---|---|---|
| 2015-09-20 | 2015-09-20 | Library Block B | 2015-09-20 | AGR | RUA000047 | B041 | Library Block B | AGR KEO 2009 B041 Or.1 | |||||
| 2015-09-20 | 2015-09-20 | Library Block B | 2015-09-20 | AGR | RUA000014 | B041 | Library Block B | AGR KEO 2009 B041 Or.2 | |||||
| 2015-09-20 | 2015-09-20 | Library Block B | 2015-09-20 | AGR | RUA000158 | B041 | Library Block B | AGR KEO 2009 B041 Or.3 | |||||
| 2015-09-20 | 2015-09-20 | Library Block B | 2015-09-20 | AGR | RUA000080 | B041 | Library Block B | AGR KEO 2009 B041 Or.4 | |||||
| 2015-09-20 | 2015-09-20 | Library Block B | 2015-09-20 | AGR | RUA000008 | B041 | Library Block B | AGR KEO 2009 B041 Or.5 | |||||
| 2015-09-20 | 2015-09-20 | Library Block B | 2015-09-20 | AGR | RUA000054 | B041 | Library Block B | AGR KEO 2009 B041 Or.6 | |||||
| 2019-02-25 | 2019-02-25 | Library Block B | 2019-02-25 | AGR | A35428 | B1.222 | Library Block B | AGR KEO 2009 B1.222 Or.1 | |||||
| 2019-02-25 | 2019-02-25 | Library Block B | 2019-02-25 | AGR | A36757 | B1.222 | Library Block B | AGR KEO 2009 B1.222 Or.1 |